| 000 | 00502nam a2200193Ia 4500 | ||
|---|---|---|---|
| 003 | 0100 | ||
| 008 | 130227s9999 xx 000 0 und d | ||
| 040 | _cARRUPELIB | ||
| 050 | _aKTY108.35.M433 | ||
| 100 | _aMatibini, Patrick | ||
| 245 | 4 | _aThe struggle for media law reforms in Zambia | |
| 260 | _aZambia | ||
| 260 | _bMedia Institute of Southern Africa | ||
| 260 | _C2006 | ||
| 300 | _a177p. | ||
| 300 | _b 23 cm | ||
| 650 | _bTheology, Doctrinal - History - 2oth century | ||
| 942 |
_2lcc _01 |
||
| 999 |
_c1545 _d1545 |
||